Music Quiz

Random Music or Popular Quiz

Catchiest Songs Ever Quiz Stats

Quiz not verified by Sporcle

Challenge
Share
Tweet
Embed
Score 0/20 Timer 05:00
0 Plays Today
Artist Songs % Correct
SurvivorEye of the Tiger
78.1%
Spice GirlsWannabe
72.9%
Lady GagaPoker Face
69.8%
Michael JacksonBeat It
62.5%
HansonMmmmbop
62.5%
Whitney HoustonI Will Always Love You
56.3%
Lou BegaMambo No. 5
55.2%
Michael JacksonBillie Jean
54.2%
Culture ClubKarma Chameleon
50%
Human LeagueDon't You Want Me
46.9%
Artist Songs % Correct
Roy OrbisonPretty Woman
45.8%
Lady GagaJust Dance
41.7%
Britney SpearsBaby One More Time
31.3%
AerosmithI Don't Want to Miss a Thing
28.1%
Bachman-Turner OverdriveYou Ain't Seen Nothin' Yet
24%
Elton JohnCandle in the Wind
19.8%
ABBASOS
16.7%
Boney M.Rivers of Babylon
12.5%
Elvis PresleyIt's Now or Never
6.3%
Elvis PresleyDevil in Disguise
3.1%

You're not logged in!

Compare scores with friends on all Sporcle quizzes.
Sign Up with Email
OR
Log In

You Might Also Like...

Show Comments

Extras

Top Quizzes Today


Score Distribution

Your Account Isn't Verified!

In order to create a playlist on Sporcle, you need to verify the email address you used during registration. Go to your Sporcle Settings to finish the process.